[Event "Mediterranean Flower (Women) 24th"]
[Site "Rijeka"]
[Date "2024.03.03"]
[Round "1"]
[White "Mihaljevic, Eva"]
[Black "Radikovic, Anamarija"]
[Result "1-0"]
[WhiteElo "1946"]
[BlackElo "2039"]
[PlyCount "107"]
[EventDate "2024.03.03"]
[EventType "tourn"]
[EventRounds "9"]
[EventCountry "CRO"]
[SourceTitle "CB11_2024"]
[SourceDate "2024.03.13"]
[SourceVersion "1"]
[SourceVersionDate "2024.03.13"]
[SourceQuality "1"]

1. e4 c5 2. Nf3 Nc6 3. d4 cxd4 4. Nxd4 Nf6 5. Nc3 e5 6. Ndb5 d6 7. Bg5 a6 8. Na3 b5 9. Nd5 Be7 10. Bxf6 Bxf6 11. c4 b4 12. Nc2 a5 13. g3 Bg5 14. Bg2 0-0 15. 0-0 Ne7 16. Nce3 Bxe3 17. Nxe3 Be6 18. Qd3 Qb6 19. Rad1 Rad8 20. Kh1 Qc5 21. b3 Nc6 22. Nf5 Rd7 23. Qe3 Qxe3 24. fxe3 Rfd8 25. Rd2 g6 26. Rfd1 gxf5 27. exf5 Bxf5 28. Bxc6 Rc7 29. Bg2 a4 30. Rxd6 Rxd6 31. Rxd6 axb3 32. axb3 Ra7 33. Bd5 Bh3 34. Rd8+ Kg7 35. Ra8 Ra3 36. c5 Be6 37. Rd8 Bxd5+ 38. Rxd5 Rxb3 39. Rxe5 Kf6 40. Re4 Rb1+ 41. Kg2 b3 42. c6 b2 43. c7 Rg1+ 44. Kh3 b1Q 45. Rf4+ Ke5 46. c8Q Rc1 47. Qe8+ Kd6 48. Rd4+ Kc5 49. Qe5+ Kb6 50. Qd6+ Ka5 51. Qd8+ Kb5 52. Qd7+ Ka5 53. Qa4+ Kb6 54. Rb4+ 1-0

[Event "EU-chT (Women) 24th"]
[Site "Budva"]
[Date "2023.11.19"]
[Round "8.10"]
[White "Radikovic, Anamarija"]
[Black "Kochavi, Dana"]
[Result "0-1"]
[WhiteElo "2084"]
[BlackElo "2090"]
[PlyCount "109"]
[EventDate "2023.11.11"]
[EventType "team-swiss"]
[EventRounds "9"]
[EventCountry "MNE"]
[SourceTitle "CB47_2023"]
[SourceDate "2023.11.22"]
[SourceVersion "1"]
[SourceVersionDate "2023.11.22"]
[SourceQuality "1"]
[WhiteTeam "Croatia (W)"]
[BlackTeam "Israel (W)"]
[WhiteTeamCountry "CRO"]
[BlackTeamCountry "ISR"]

1. e4 c5 2. Nc3 Nc6 3. Nge2 e6 4. d4 cxd4 5. Nxd4 Qc7 6. g3 a6 7. Nxc6 dxc6 8. Bg2 Nf6 9. 0-0 Be7 10. Qe2 e5 11. h3 b5 12. Be3 Be6 13. Rfd1 Bc4 14. Qe1 0-0 15. Nb1 Nd7 16. Nd2 Be6 17. Nf3 f6 18. Nh4 Rfd8 19. Nf5 Bf8 20. Bd2 a5 21. Qe2 Kh8 22. Be1 a4 23. a3 Nb6 24. Rxd8 Rxd8 25. Ba5 Ra8 26. Qe1 Qa7 27. Bxb6 Qxb6 28. Rd1 Rd8 29. Bf1 Bc5 30. Ne3 Rxd1 31. Nxd1 Qd8 32. c3 g6 33. h4 Qd6 34. Be2 Kg7 35. Bf3 Qd3 36. Qe2 Bc4 37. Qxd3 Bxd3 38. Ne3 Kf7 39. h5 Ke6 40. Ng2 Bf8 41. hxg6 hxg6 42. Nh4 Kf7 43. Bd1 Bxe4 44. b3 axb3 45. Bxb3+ Bd5 46. Bc2 g5 47. Nf5 Bxa3 48. Ne3 Bf3 49. Bb3+ Ke7 50. Nc2 Bd1 51. Nxa3 Bxb3 52. Kf1 Bc4+ 53. Ke1 Bd3 54. Kd2 e4 55. f3 0-1

[Event "CRO-chT (Women) 31st"]
[Site "Veli Losinj"]
[Date "2023.10.15"]
[Round "6.2"]
[White "Radikovic, Anamarija"]
[Black "Mihaljevic, Eva"]
[Result "1/2-1/2"]
[WhiteElo "2111"]
[BlackElo "2013"]
[PlyCount "88"]
[EventDate "2023.10.11"]
[EventType "team-tourn"]
[EventRounds "9"]
[EventCountry "CRO"]
[SourceTitle "Mega2024 Update 01"]
[Source "Chessbase"]
[SourceDate "2023.11.12"]
[SourceVersion "1"]
[SourceVersionDate "2023.11.12"]
[SourceQuality "1"]
[WhiteTeam "Rijeka Draga (W)"]
[BlackTeam "Novo Virje Konaki (W)"]
[WhiteTeamCountry "CRO"]
[BlackTeamCountry "CRO"]

1. e4 c5 2. Nc3 d6 3. Nge2 g6 4. d4 cxd4 5. Qxd4 Nf6 6. Bg5 Nc6 7. Qd2 Bg7 8. f3 Qa5 9. h4 h5 10. 0-0-0 0-0 11. Bh6 Rd8 12. Bxg7 Kxg7 13. Nf4 Ne5 14. Be2 Bd7 15. Kb1 b5 16. Nxb5 Qb6 17. Qd4 Qb7 18. Nc3 Rab8 19. Ncd5 Nc6 20. Qc3 e5 21. Nxf6 Kxf6 22. Rxd6+ Kg7 23. Rhd1 Nd4 24. R1xd4 exd4 25. Qxd4+ Kh7 26. Qf6 Rg8 27. Qxf7+ Rg7 28. Qf6 Bb5 29. c4 Be8 30. Ne6 Rg8 31. b3 Ba4 32. Ng5+ Kh6 33. Nf7+ Kh7 34. Qf4 Kg7 35. Qf6+ Kh7 36. Qf4 Kg7 37. Rf6 Bxb3 38. Rxg6+ Kxg6 39. Ne5+ Kg7 40. Qg5+ Kf8 41. Qf6+ Ke8 42. Qe6+ Kf8 43. Qf6+ Ke8 44. Qe6+ Kf8 1/2-1/2

[Event "Mitropa Cup (Women)"]
[Site "Mali Losinj"]
[Date "2023.04.18"]
[Round "8.8"]
[White "Radikovic, Anamarija"]
[Black "Monpeurt, Cyrielle"]
[Result "0-1"]
[WhiteElo "2080"]
[BlackElo "2130"]
[PlyCount "156"]
[EventDate "2023.04.11"]
[EventType "team-tourn"]
[EventRounds "9"]
[EventCountry "CRO"]
[SourceTitle "CBM 213 Extra"]
[Source "ChessBase"]
[SourceDate "2023.05.31"]
[SourceVersion "1"]
[SourceVersionDate "2023.05.31"]
[SourceQuality "1"]
[WhiteTeam "Croatia (W)"]
[BlackTeam "France (W)"]
[WhiteTeamCountry "CRO"]
[BlackTeamCountry "FRA"]

1. e4 e5 2. Nf3 Nc6 3. Bb5 a6 4. Ba4 Nf6 5. 0-0 Be7 6. Bxc6 dxc6 7. d3 Bd6 8. Nbd2 Bg4 9. h3 Bh5 10. b3 Qe7 11. Bb2 0-0-0 12. Nc4 Nd7 13. Qe2 f6 14. a3 g5 15. Ne3 Rdg8 16. b4 Nf8 17. Nf5 Qd7 18. Qe3 Kb8 19. Ng3 Bf7 20. d4 Ng6 21. Rfd1 Qe6 22. d5 cxd5 23. exd5 Qc8 24. c4 Nf4 25. c5 Nxd5 26. Qe4 Be7 27. Rxd5 Bxd5 28. Qxd5 g4 29. hxg4 Rxg4 30. c6 b6 31. Qf7 Bd8 32. Rd1 Rhg8 33. Qxh7 e4 34. Nh2 e3 35. Nxg4 Qxg4 36. Qd3 Be7 37. Re1 exf2+ 38. Kxf2 Bd6 39. Re3 b5 40. Rf3 f5 41. Qxf5 Bxg3+ 42. Kf1 Qc4+ 43. Qd3 Qh4 44. Qe3 Qh1+ 45. Qg1 Qh7 46. Qc5 Bd6 47. Qe3 Qc2 48. Rf2 Qd1+ 49. Qe1 Qxe1+ 50. Kxe1 Bg3 51. Bd4 Rg6 52. Ke2 Bxf2 53. Kxf2 Kc8 54. Kf3 Kd8 55. g4 Ke7 56. Kf4 Rxc6 57. g5 Kf7 58. Kf5 Rd6 59. Be5 Rd5 60. g6+ Kg8 61. Ke6 c6 62. Bd6 Rd3 63. Kd7 Rxa3 64. Kxc6 Ra4 65. Kb6 Kg7 66. Bc5 Kxg6 67. Bd6 Kf5 68. Kc5 Ke4 69. Bc7 Kd3 70. Be5 Kc2 71. Bg3 Kb3 72. Be1 Ra1 73. Bd2 Rd1 74. Bg5 Ka4 75. Be7 Rb1 76. Kb6 Rxb4 77. Kxa6 Rc4 78. Kb6 b4 0-1

[Event "Mitropa Cup (Women)"]
[Site "Mali Losinj"]
[Date "2023.04.14"]
[Round "4.4"]
[White "Stoeri, Laura"]
[Black "Radikovic, Anamarija"]
[Result "0-1"]
[WhiteElo "2075"]
[BlackElo "2080"]
[PlyCount "80"]
[EventDate "2023.04.11"]
[EventType "team-tourn"]
[EventRounds "9"]
[EventCountry "CRO"]
[SourceTitle "CBM 213 Extra"]
[Source "ChessBase"]
[SourceDate "2023.05.31"]
[SourceVersion "1"]
[SourceVersionDate "2023.05.31"]
[SourceQuality "1"]
[WhiteTeam "Switzerland (W)"]
[BlackTeam "Croatia (W)"]
[WhiteTeamCountry "SUI"]
[BlackTeamCountry "CRO"]

1. e4 c5 2. Nf3 Nc6 3. d4 cxd4 4. Nxd4 Nf6 5. Nc3 d6 6. Bg5 e6 7. Qd2 a6 8. 0-0-0 Bd7 9. f3 b5 10. Nxc6 Bxc6 11. Ne2 Be7 12. h4 h6 13. Nd4 Bb7 14. Be3 d5 15. e5 Nd7 16. f4 Nc5 17. Qe1 Qc7 18. Kb1 Na4 19. Rh3 b4 20. Bd2 Qb6 21. Nb3 d4 22. Bc1 0-0-0 23. Rhd3 Bc5 24. R3d2 Rd7 25. Bd3 Rhd8 26. Be4 a5 27. Ka1 Be7 28. Bxb7+ Qxb7 29. Nxd4 Nb6 30. Nf3 Nd5 31. Qe4 Qb5 32. Rd4 Rc7 33. g3 Kb8 34. Ne1 Bc5 35. Rc4 Rdd7 36. Qe2 Ne3 37. Bxe3 Qxc4 38. Nd3 Bd4 39. Kb1 Bxe3 40. Qxe3 Qxc2+ 0-1

[Event "Mitropa Cup (Women)"]
[Site "Mali Losinj"]
[Date "2023.04.11"]
[Round "1.4"]
[White "Radikovic, Anamarija"]
[Black "Bordin, Silvia"]
[Result "1-0"]
[WhiteElo "2080"]
[BlackElo "2030"]
[PlyCount "81"]
[EventDate "2023.04.11"]
[EventType "team-tourn"]
[EventRounds "9"]
[EventCountry "CRO"]
[SourceTitle "CBM 213 Extra"]
[Source "ChessBase"]
[SourceDate "2023.05.31"]
[SourceVersion "1"]
[SourceVersionDate "2023.05.31"]
[SourceQuality "1"]
[WhiteTeam "Croatia (W)"]
[BlackTeam "Italy (W)"]
[WhiteTeamCountry "CRO"]
[BlackTeamCountry "ITA"]

1. e4 e5 2. Nf3 Nc6 3. Bb5 Bc5 4. 0-0 d6 5. c3 a6 6. Ba4 b5 7. Bb3 Qf6 8. d4 exd4 9. Bd5 Bb7 10. cxd4 Bb6 11. Bg5 Qg6 12. Qc1 Kd7 13. Nh4 Qh5 14. Nf5 h6 15. Be3 Nf6 16. Ng3 Qg6 17. Bxc6+ Bxc6 18. d5 Bb7 19. Bxb6 cxb6 20. Qe3 Rab8 21. Nc3 Ng4 22. Qd4 h5 23. h3 Ne5 24. Kh2 Qf6 25. Kh1 g5 26. Nf5 Rhg8 27. f4 gxf4 28. Rxf4 Rxg2 29. Kxg2 Qg5+ 30. Ng3 Qxf4 31. Rf1 Qg5 32. Rf5 Qc1 33. Nce2 Qb1 34. Nxh5 Rg8+ 35. Nhg3 Ke7 36. Rf1 Qxa2 37. Qxb6 Bc8 38. Qc7+ Bd7 39. Kh1 Rg5 40. Nd4 Kf8 41. Qd8+ 1-0

[Event "CRO-ch (Women)"]
[Site "Buzin"]
[Date "2022.12.10"]
[Round "4"]
[White "Radikovic, Anamarija"]
[Black "Ivekovic, Tihana"]
[Result "0-1"]
[WhiteElo "2099"]
[BlackElo "2143"]
[PlyCount "74"]
[EventDate "2022.12.07"]
[EventType "tourn"]
[EventRounds "7"]
[EventCountry "CRO"]
[SourceTitle "CBM 212 Extra"]
[Source "ChessBase"]
[SourceDate "2023.03.31"]
[SourceVersion "1"]
[SourceVersionDate "2023.03.31"]
[SourceQuality "1"]

1. e4 c5 2. Nf3 e6 3. c3 Ne7 4. d4 cxd4 5. cxd4 d5 6. e5 Nbc6 7. Nc3 Qb6 8. Bd3 Bd7 9. 0-0 Nxd4 10. Nxd4 Qxd4 11. Re1 Qb6 12. Be3 d4 13. Bxd4 Qa5 14. Ne4 Nf5 15. Bc3 Qb6 16. Qh5 Be7 17. Rad1 Bc6 18. Nf6+ gxf6 19. exf6 Rg8 20. Be4 Bd6 21. Ba5 Qxa5 22. Bxc6+ bxc6 23. Rxe6+ Kf8 24. Rexd6 Re8 25. g4 Rg6 26. Rd7 Qe5 27. g5 h6 28. h4 Nxh4 29. Kf1 Qh2 30. Re7 Rxe7 31. fxe7+ Kxe7 32. Re1+ Kf8 33. Re3 Qg2+ 34. Ke1 Qh1+ 35. Ke2 Rd6 36. Rd3 Qe4+ 37. Re3 Qc4+ 0-1

[Event "Wch U20 Girls 38th"]
[Site "Cala Gonone"]
[Date "2022.10.15"]
[Round "5"]
[White "Radikovic, Anamarija"]
[Black "Rudzinska, Michalina"]
[Result "0-1"]
[WhiteElo "2112"]
[BlackElo "2259"]
[PlyCount "116"]
[EventDate "2022.10.12"]
[EventType "swiss"]
[EventRounds "11"]
[EventCountry "ITA"]
[SourceTitle "CBM 210 Extra"]
[Source "ChessBase"]
[SourceDate "2022.11.30"]
[SourceVersion "1"]
[SourceVersionDate "2022.11.30"]
[SourceQuality "1"]

1. c4 e5 2. Nc3 Nc6 3. Nf3 Nf6 4. e3 Bb4 5. Qc2 Bxc3 6. bxc3 e4 7. Nd4 0-0 8. Be2 d6 9. 0-0 Ne5 10. f4 Ned7 11. a4 a5 12. Nf5 Nc5 13. Ng3 Bd7 14. d3 exd3 15. Bxd3 Qe8 16. e4 Bxa4 17. Qe2 Nxd3 18. Qxd3 Bb3 19. c5 Qc6 20. Ba3 dxc5 21. c4 a4 22. e5 Rad8 23. Qe2 Rfe8 24. Bb2 Nd7 25. Nh5 Qe6 26. Rac1 f5 27. g4 g6 28. gxf5 gxf5 29. Kh1 Kh8 30. Qg2 Rg8 31. Ng3 a3 32. Ba1 Ba4 33. Qh3 Bc6+ 34. Kg1 Nf6 35. Qh6 Rg6 36. Qh4 Rd2 37. Rfd1 Rg2+ 38. Kf1 Ng4 39. Rd8+ Kg7 40. Rd7+ Bxd7 41. Kxg2 h6 42. Qd8 Kh7 43. Kg1 Rg7 44. Qxc7 Qe7 45. Qxb7 Nxh2 46. Rc3 Qh4 47. Qg2 Ng4 48. Qh1 Qd8 49. Qd5 Qb6 50. Qd3 a2 51. Rb3 Qe6 52. Ra3 h5 53. Qd6 Qxc4 54. Qd2 Be6 55. Nxh5 Rd7 56. Nf6+ Nxf6 57. Qh2+ Kg6 58. Rg3+ Ng4 0-1

[Event "BL 2122 (Women)"]
[Site "Germany"]
[Date "2022.05.28"]
[Round "10.3"]
[White "Radikovic, Anamarija"]
[Black "Otikova, Elina"]
[Result "1-0"]
[WhiteElo "2133"]
[BlackElo "2090"]
[PlyCount "103"]
[EventDate "2021.11.27"]
[EventType "team-tourn"]
[EventRounds "11"]
[EventCountry "GER"]
[SourceTitle "EXT 2023"]
[Source "ChessBase"]
[SourceDate "2022.10.05"]
[SourceVersion "1"]
[SourceVersionDate "2022.10.05"]
[SourceQuality "1"]
[WhiteTeam "Harksheide (W)"]
[BlackTeam "Loeberitz (W)"]
[WhiteTeamCountry "GER"]
[BlackTeamCountry "GER"]

1. e4 e5 2. Nc3 Nf6 3. f4 d5 4. fxe5 Nxe4 5. Qf3 Nxc3 6. bxc3 c5 7. Bb5+ Bd7 8. Rb1 Bxb5 9. Rxb5 b6 10. Ne2 Be7 11. 0-0 0-0 12. Nf4 Nc6 13. Re1 Bg5 14. d4 Bxf4 15. Qxf4 a6 16. Rb1 cxd4 17. cxd4 Rc8 18. Rf1 Ne7 19. Rf2 Rc6 20. Ba3 f6 21. Rbf1 Ng6 22. Qg4 Re8 23. h4 Qc8 24. Qf3 Nxh4 25. Qxd5+ Kh8 26. exf6 Rxf6 27. Rxf6 gxf6 28. Qf7 Qe6 29. Qxf6+ Qxf6 30. Rxf6 Re2 31. Rf2 Rxf2 32. Kxf2 Kg8 33. c4 Kf7 34. g4 Ke6 35. Ke3 b5 36. cxb5 axb5 37. Ke4 Ng2 38. Bb4 Nh4 39. d5+ Kd7 40. Ke5 Nf3+ 41. Ke4 Nh4 42. Be1 Ng6 43. Bg3 Ne7 44. Kd4 Ng8 45. Be5 Nh6 46. g5 Nf5+ 47. Kc5 Ne7 48. Bf6 Ng8 49. Kxb5 Kd6 50. a4 Kxd5 51. a5 Kd6 52. Kb6 1-0

[Event "Mitropa Cup (Women)"]
[Site "Corte"]
[Date "2022.04.30"]
[Round "1.3"]
[White "Pellicoro, Nathalie"]
[Black "Radikovic, Anamarija"]
[Result "1-0"]
[WhiteElo "1895"]
[BlackElo "2133"]
[PlyCount "57"]
[EventDate "2022.04.30"]
[EventType "team-tourn"]
[EventRounds "9"]
[EventCountry "FRA"]
[SourceTitle "CBM 208 Extra"]
[Source "ChessBase"]
[SourceDate "2022.07.31"]
[SourceVersion "1"]
[SourceVersionDate "2022.07.31"]
[SourceQuality "1"]
[WhiteTeam "Switzerland (W)"]
[BlackTeam "Croatia (W)"]
[WhiteTeamCountry "SUI"]
[BlackTeamCountry "CRO"]

1. e4 c5 2. Nf3 d6 3. d4 cxd4 4. Nxd4 Nf6 5. Nc3 a6 6. Bg5 Nbd7 7. f4 Qc7 8. Qf3 b5 9. 0-0-0 Bb7 10. Bd3 b4 11. Nd5 Nxd5 12. exd5 h6 13. Bh4 g5 14. fxg5 hxg5 15. Bg3 Nf6 16. Rhe1 Nxd5 17. Be4 g4 18. Qb3 Bh6+ 19. Kb1 Qa5 20. Nf5 Nc3+ 21. bxc3 Bxe4 22. Nxd6+ exd6 23. Rxe4+ Kf8 24. Bxd6+ Kg8 25. Rxg4+ Bg7 26. cxb4 Qf5 27. Qf3 Qxf3 28. gxf3 f5 29. Rxg7+ 1-0

[Event "Mediterranean Flower (Women) 22nd"]
[Site "Rijeka"]
[Date "2022.03.11"]
[Round "8"]
[White "Radikovic, Anamarija"]
[Black "Kubicka, Anna"]
[Result "1-0"]
[WhiteElo "2121"]
[BlackElo "2225"]
[PlyCount "101"]
[EventDate "2022.03.06"]
[EventType "tourn"]
[EventRounds "9"]
[EventCountry "CRO"]
[SourceTitle "CBM 207 Extra"]
[Source "ChessBase"]
[SourceDate "2022.05.31"]
[SourceVersion "1"]
[SourceVersionDate "2022.05.31"]
[SourceQuality "1"]

1. e4 c5 2. Nc3 a6 3. Nge2 Nf6 4. g3 b5 5. Bg2 Bb7 6. d3 e6 7. 0-0 d6 8. f4 Qc7 9. h3 Be7 10. Be3 b4 11. Na4 a5 12. c3 h6 13. a3 bxa3 14. bxa3 Nbd7 15. Rb1 0-0 16. c4 Bc6 17. Nac3 Nb6 18. f5 exf5 19. Rxf5 Nbd7 20. Nb5 Qd8 21. Nec3 Ne5 22. Qe2 Bd7 23. Rff1 Be6 24. Nd5 Bxd5 25. exd5 Ng6 26. d4 cxd4 27. Nxd4 Nh7 28. Rb7 Bg5 29. Bf2 Re8 30. Qc2 Bf6 31. Nc6 Qc8 32. Rfb1 Ne5 33. Be4 Qxh3 34. Bxh7+ Kh8 35. Nxe5 Rxe5 36. Rb8+ Re8 37. Rxa8 Rxa8 38. Qf5 Qxf5 39. Bxf5 g6 40. Bd3 a4 41. Rb7 Kg7 42. Kg2 Re8 43. c5 dxc5 44. d6 Bd4 45. Bxd4+ cxd4 46. Rb4 Kf6 47. Rxd4 Rd8 48. d7 Ke5 49. Re4+ Kd5 50. Re7 f5 51. Bb5 1-0

[Event "Mediterranean Flower (Women) 22nd"]
[Site "Rijeka"]
[Date "2022.03.06"]
[Round "1"]
[White "Radikovic, Anamarija"]
[Black "Zimina, Olga"]
[Result "0-1"]
[WhiteElo "2121"]
[BlackElo "2340"]
[PlyCount "38"]
[EventDate "2022.03.06"]
[EventType "tourn"]
[EventRounds "9"]
[EventCountry "CRO"]
[SourceTitle "CBM 207 Extra"]
[Source "ChessBase"]
[SourceDate "2022.05.31"]
[SourceVersion "1"]
[SourceVersionDate "2022.05.31"]
[SourceQuality "1"]

1. e4 c6 2. d4 d5 3. e5 c5 4. dxc5 e6 5. a3 Bxc5 6. Nf3 Nd7 7. b4 Bb6 8. Bb2 Ne7 9. Bd3 Ng6 10. 0-0 0-0 11. Nbd2 Nf4 12. Rc1 a5 13. Nb3 axb4 14. axb4 Ra2 15. Bd4 f6 16. Ra1 Rxa1 17. Qxa1 Bxd4 18. Qxd4 fxe5 19. Nxe5 Qg5 0-1

[Event "EU-chT (Women) 23rd"]
[Site "Terme Catez"]
[Date "2021.11.13"]
[Round "2.12"]
[White "Radikovic, Anamarija"]
[Black "Nemcova, Karin"]
[Result "0-1"]
[WhiteElo "2124"]
[BlackElo "2169"]
[PlyCount "72"]
[EventDate "2021.11.12"]
[EventType "team-swiss"]
[EventRounds "9"]
[EventCountry "SLO"]
[SourceTitle "CBM 205"]
[Source "ChessBase"]
[SourceDate "2021.12.31"]
[SourceVersion "1"]
[SourceVersionDate "2021.12.31"]
[SourceQuality "1"]
[WhiteTeam "Croatia (W)"]
[BlackTeam "Czech Republic (W)"]
[WhiteTeamCountry "CRO"]
[BlackTeamCountry "CZE"]

1. e4 c5 2. Nf3 d6 3. Bb5+ Bd7 4. a4 Nf6 5. Qe2 Nc6 6. c3 a6 7. Bc4 g6 8. h3 Qb6 9. 0-0 Bg7 10. Rd1 Na5 11. e5 dxe5 12. Nxe5 0-0 13. d4 cxd4 14. Rxd4 Be6 15. Na3 Rac8 16. Be3 Nxc4 17. Naxc4 Qc7 18. Bf4 Nd5 19. Bg3 Qc5 20. Nd3 Nxc3 21. bxc3 Bxc4 22. Nxc5 Bxe2 23. Re4 Rxc5 24. Rxe2 Rxc3 25. Rb1 e6 26. Rxb7 Ra3 27. Bd6 Ra1+ 28. Kh2 Rd8 29. Be7 Rc8 30. Rd2 Rxa4 31. Rdd7 Rf4 32. f3 Be5 33. g3 Rxf3 34. Bg5 Rxg3 35. Bf6 Rc2+ 36. Kh1 Rxh3+ 0-1